Náklady na výchovu detí

Guardado en:
Detalles Bibliográficos
Autor principal: Tonhauserová, Alena
Otros Autores: Dlouhý, Jiří
Formato: Libro
Lenguaje:eslovaco
Publicado: Bratislava Výskumný ústav sociálneho rozvoja a práce 1990
Edición:1. vyd.
Etiquetas: Agregar Etiqueta
Sin Etiquetas, Sea el primero en etiquetar este registro!

MARC

LEADER 00000nam a2200000 4500
001 c035380
005 20240419071218.1
041 0 |a slo 
044 |a SK 
245 1 0 |a Náklady na výchovu detí  |c Alena Tonhauserová, Jiří Dlouhý 
250 |a 1. vyd. 
264 1 |a Bratislava  |b Výskumný ústav sociálneho rozvoja a práce  |c 1990 
300 |a 58 s. 
100 1 |a Tonhauserová, Alena 
700 1 |a Dlouhý, Jiří